Văn học Mỹ nhìn từ Phương Đông : Đề tài nghiên cứu cấp trường

Nội dung đề tài đưa ta một số nhận định và cái nhìn chung về lịch se văn học Mỹ. Trên cơ sở đó giới thiệu một số tác giả, tác phẩm tiêu biểu cho mỗi thời kỳ, mỗi khuynh hướng.

Bewaard in:
Bibliografische gegevens
Hoofdauteur: Trường, Thị Kim Phương
Formaat: Boek
Taal:Undetermined
Gepubliceerd in: Cần Thơ Trường Đại học Cần Thơ 1995
Onderwerpen:
Tags: Voeg label toe
Geen labels, Wees de eerste die dit record labelt!
Thư viện lưu trữ: Trung tâm Học liệu Trường Đại học Cần Thơ
LEADER 01020nam a2200217Ia 4500
001 CTU_205286
008 210402s9999 xx 000 0 und d
082 |a 810.9 
082 |b Ph561 
100 |a Trường, Thị Kim Phương 
245 0 |a Văn học Mỹ nhìn từ Phương Đông : 
245 0 |b Đề tài nghiên cứu cấp trường 
245 0 |c Trường Thị Kim Phương 
260 |a Cần Thơ 
260 |b Trường Đại học Cần Thơ 
260 |c 1995 
520 |a Nội dung đề tài đưa ta một số nhận định và cái nhìn chung về lịch se văn học Mỹ. Trên cơ sở đó giới thiệu một số tác giả, tác phẩm tiêu biểu cho mỗi thời kỳ, mỗi khuynh hướng. 
650 |a Văn học Mỹ,American literature 
650 |x Lịch sử và phê bình,History and criticism 
904 |i Qhieu 
980 |a Trung tâm Học liệu Trường Đại học Cần Thơ